La interpretación de los símbolos : (Record no. 31928)

MARC details
000 -CABECERA
campo de control de longitud fija 00759nam a2200217 a 4500
005 - FECHA Y HORA DE LA ÚLTIMA TRANSACCIÓN
campo de control 20240924070551.0
008 - ELEMENTOS DE LONGITUD FIJA--INFORMACIÓN GENERAL
campo de control de longitud fija 991125s1990 bar 000 0 spa u
020 ## - NÚMERO INTERNACIONAL NORMALIZADO PARA LIBROS
Número Internacional Estándar del Libro 8476582021
035 ## - NÚMERO DE CONTROL DEL SISTEMA
Número de control de sistema UPN01000031928
049 ## - COLECCIÓN
Colección CG
050 #4 - SIGNATURA TOPOGRÁFICA DE LA BIBLIOTECA DEL CONGRESO
Número de clasificación BD241
Número de documento/Ítem G3.4
100 1# - ASIENTO PRINCIPAL--NOMBRE PERSONAL
Nombre de persona Garagalza, Luis,
Fechas asociadas al nombre 1959-
9 (RLIN) 38535
245 13 - MENCIÓN DE TÍTULO
Título La interpretación de los símbolos :
Resto del título hermenéutica y lenguaje en la filosofía actual /
Mención de responsabilidad, etc. Luis Garagalza ; presentación de A. Ortiz-Osés.
260 ## - PUBLICACIÓN, DISTRIBUCIÓN, ETC.
Lugar de publicación, distribución, etc. Barcelona, Esp. :
Nombre del editor, distribuidor, etc. Anthropos,
Fecha de publicación, distribución, etc. 1990.
300 ## - DESCRIPCIÓN FÍSICA
Extensión 206 p.
440 #0 - MENCIÓN DE SERIE/ASIENTO SECUNDARIO--TÍTULO
Título Autores, textos y temas. Hermeneusis ;
Designación de volumen o secuencia 7
600 14 - ASIENTO SECUNDARIO DE MATERIA - NOMBRE PERSONAL
Nombre de persona CASSIRER, ERNST,
Fechas asociadas al nombre 1874-1945 -
Subdivisión general CRITICA E INTERPRETACION
9 (RLIN) 5877
650 #4 - ASIENTO SECUNDARIO DE MATERIA - TERMINO TEMATICO
Término de materia o nombre geográfico como elemento de entrada Hermenéutica
9 (RLIN) 5799
650 #4 - ASIENTO SECUNDARIO DE MATERIA - TERMINO TEMATICO
Término de materia o nombre geográfico como elemento de entrada LENGUAS -
Subdivisión general FILOSOFIA
9 (RLIN) 3839
905 ## - TIPO DE MATERIAL
Tipo de material Libro
Holdings
Estado de retiro Estado de pérdida Fuente del sistema de clasificación o colocación Estado dañado No para préstamo Código de colección Localización permanente Ubicación/localización actual Ubicación en estantería Enumeración/cronología de publicación seriada Total de préstamos Clasificación Código de barras Fecha visto por última vez Número de copia Tipo de ítem Koha Fecha de adquisición Fecha del último préstamo
    Library of Congress Classification     Colección General Bib. Gregorio Torres Quintero Bib. Gregorio Torres Quintero Planta baja - 18 BD241 G3.4 146034 31/12/2020 1 Libro    
    Library of Congress Classification     Colección General Bib. Gregorio Torres Quintero Bib. Gregorio Torres Quintero Planta baja - 14 BD241 G3.4 146035 15/11/2022 1 Libro 11/08/2022 10/11/2022
    Library of Congress Classification     Colección General Bib. Gregorio Torres Quintero Bib. Gregorio Torres Quintero Planta baja - 12 BD241 G3.4 146036 07/11/2023 1 Libro 18/10/2023 18/10/2023